000
00224nam a2200085Ia 4500
008
120527s9999 xx 000 0 und d
100
_a
NUC
245
_a
A manual of uniform accounting systems for nigerian universi
942
_c
BK
999
_c
20961
_d
20961